00721cam a2200181u 4500082001500000100003100015245002500046260004700071300009900118526003700217650003800254650002000292650004800312650003300360942001200393999001900405952011500424 a940.4bCHU1 aChurchill, Winston,94903614aThe world crisis ... aLondon,bT. Butterworth limitedc[1923-29] a4 v. in 5.bmaps (part fold.) facsims. (part fold.) fold. tables, diagrs. (part fold.)c24 cm. a0b0c0d940_400000000000000_CHU 0aReconstruction (1914-1939)949761 0aWorld politics. 0aWorld War, 1914-1918zGreat Britain.949303 0aWorld War, 1914-1918.928173 2ddccBK c553410d553410 00102ddc4070aMCEbMCEcArchive Sectiond2015-02-10l0o940.4 CHUpMCE-ECW / 88r2015-02-10w2015-02-10yBK